000 00320nam a2200121 i 4500
001 bg
245 0 _aMatematyka :
_bpodręcznik dla inżynierów studiów zawodowych. T.2 /
_cpod red. E. Otto.
260 _aWarszawa,
_c1970.
040 _cBPK
041 _apol
942 _cKS
008 s pl f |000 0 pol
999 _c10397
_d10397
856 _uhttp://koha.tu.koszalin.pl/cgi-bin/koha/opac-detail.pl?biblionumber=10397
_yKatalog online BPK